Metamorfóza světové ekonomiky: teoretická východiska a nárys implikací pro českou ekonomiku

Metamorfózy svetovej ekonomiky. Výskum vývoja svetového hospodárstva. Posilnenie úlohy trhových vzťahov vo všetkých segmentoch svetovej ekonomiky. Deetatizácia a privatizácia v najširšom zmysle slova. Rast súkromného vlastníctva a pokles úlohy štátu. Rozširovanie medzinárodnej ekonomickej integrácie...

Ausführliche Beschreibung

Gespeichert in:
Bibliographische Detailangaben
1. Verfasser: Holub, Alois
Format: Buchkapitel
Sprache:Tschechisch
Schlagworte:
Tags: Tag hinzufügen
Keine Tags, Fügen Sie das erste Tag hinzu!

MARC

LEADER 00000naa a2200000 4500
001 r018355
005 20221205102505.2
041 0 |a cze 
044 |a CZ 
245 1 0 |a Metamorfóza světové ekonomiky: teoretická východiska a nárys implikací pro českou ekonomiku  |c Alois Holub 
520 |a Metamorfózy svetovej ekonomiky. Výskum vývoja svetového hospodárstva. Posilnenie úlohy trhových vzťahov vo všetkých segmentoch svetovej ekonomiky. Deetatizácia a privatizácia v najširšom zmysle slova. Rast súkromného vlastníctva a pokles úlohy štátu. Rozširovanie medzinárodnej ekonomickej integrácie. Dočasný charakter recesie. Implikácia zahraničných skúseností pre českú ekonomiku. 
610 2 0 |a hospodárstvo svetové 
610 2 0 |a deetatizácia 
610 2 0 |a privatizácia 
610 2 0 |a vlastníctvo súkromné 
610 2 0 |a štát 
610 2 0 |a recesia 
610 2 0 |a integrácia ekonomická medzinárodná 
610 2 0 |a vývoj hospodársky 
610 2 0 |a Česko 
610 2 0 |a USA 
610 2 0 |a západná Európa 
610 2 0 |a produkt domáci hrubý 
610 2 0 |a Medzinárodný menový fond 
610 2 0 |a GATT 
610 2 0 |a Európska únia 
610 2 0 |a politika menová 
100 1 |a Holub, Alois